000 00470 a2200157 4500
020 _a0-419-14550-8
082 _a624.18341 ALL
090 _c2985
_d2985
100 _aALLEN, A.H
_943186
245 _aREINFORCED CONCRETE DESIGN TO BS 8110 SIMPLY EXPLAINED
260 _aLONDON
_bE& F.N SPON
_c1988
300 _aXV, 239 P
_c24 CM
500 _aREINFORCED CONCRETE STRUCTURE, DESIGN
526 _a0
_b0
_c0
_d624_183410000000000_ALL
942 _2ddc
_aMCE
_cB
_k624.18341 ALL
999 _c546987
_d546987